Chappell Roan - Chansons par ordre alphabétique - Statistiques

Statistiques générales
  • Ce quiz a été pris 18 fois
    16 depuis la dernière actualisation
  • Le résultat moyen est 18 sur 25
Statistiques - réponses
Lettres Chansons % Correct
C Coffee
100%
H HOT TO GO!
100%
R Red Wine Supernova
100%
G The Giver
100%
C California
89%
C Casual
89%
F Femininomenon
89%
G Good Luck, Babe!
89%
P Picture You
89%
P Pink Pony Club
89%
S The Subway
89%
A After Midnight
78%
K Kaleidoscope
78%
L Love Me Anyway
78%
M My Kink Is Karma
78%
N Naked in Manhattan
78%
S Super Graphic Ultra Modern Girl
78%
G Guilty Pleasure
67%
S School Nights
56%
B Bad For You
44%
B Bitter
44%
S Sugar High
44%
D Die Young
33%
M Meantime
33%
G Good Hurt
22%
Aucun quiz correspondant
Distribution des résultats
% des personnes avec chaque résultat
Percentile par nombre de réponses
Votre historique - résultats
Vous n’avez pas pris ce quiz depuis la dernière actualisation